|
|
|
|
| LEADER |
00000nab a2200000 i 4500 |
| 001 |
publ1052 |
| 005 |
20181128122541.0 |
| 008 |
181128s2015 hu o 000 zxx d |
| 022 |
|
|
|a 2064-759X
|
| 040 |
|
|
|a BGE Publikációtár Repozitórium
|b hun
|
| 100 |
1 |
|
|a Majoros Pál
|
| 245 |
1 |
0 |
|a Merre tovább, Európai Unió?
|c Majoros Pál
|h [elektronikus dokumentum]
|
| 260 |
|
|
|a Budapesti Gazdasági Főiskola
|c 2015
|
| 300 |
|
|
|a 37-42
|
| 490 |
0 |
|
|a Prosperitas
|v 2 No. 1
|
| 520 |
3 |
|
|a Az elmúlt 25 évben lényeges változások történtek a világban. Nyugat Európa, amely a XX. század elejéig a világgazdaság központja, a fejlődési tendenciák meghatározója volt, elveszítette vezető szerepét. A világgazdaság többpólusúvá vált, és ebben már nem a legerősebb a kibővült Nyugat-Európa (a mai Európai Unió). A feltörekvő gazdaságok (BRICS-országok [Brasil, Russia, India, China és 2010-től Republic of South Africa]) gyors fejlődése, térnyerése, továbbá az Egyesült Államok integrációs törekvései okán kialakult nagyobb gazdasági ereje egy új világgazdasági rend kialakítását követeli. Mit tehet ebben a helyzetben az Európai Unió?
|
| 650 |
|
4 |
|a politikatudományok
|
| 650 |
|
4 |
|a állam- és jogtudományok
|
| 695 |
|
|
|a Európai Unió
|
| 695 |
|
|
|a Jövökép
|
| 856 |
4 |
0 |
|u https://publikaciotar.uni-bge.hu/id/eprint/1052/1/Majoros-P..pdf
|z Dokumentum-elérés
|